| 000 | 00500nam a22002057a 4500 | ||
|---|---|---|---|
| 003 | PILC | ||
| 005 | 20160128091609.0 | ||
| 008 | 121122t xxu||||| |||| 00| 0 eng d | ||
| 020 | _a0671529439 | ||
| 050 |
_aPZ 7 _b.St859a3 1995 |
||
| 082 |
_aKF _bSt5gf #3 |
||
| 100 | _aStine, R.L | ||
| 245 |
_aThe attack of the aqua apes _cR.L. Stines. |
||
| 260 |
_aNew York _bPocket Books _c1995 |
||
| 300 |
_a121 p. ; _c19cm |
||
| 562 | _e1 | ||
| 650 |
_aFiction _9746 |
||
| 942 |
_2lcc _cBK |
||
| 999 |
_c7851 _d7851 |
||